| 000 | 00941nam a22002057a 4500 | ||
|---|---|---|---|
| 003 | OSt | ||
| 005 | 20210223154311.0 | ||
| 008 | 210223s2015 ck ||||er|||| 00| f spa d | ||
| 040 |
_aCO-JMCR _cCO-JMCR |
||
| 041 | 0 | _aspa | |
| 082 | 0 | 4 |
_aN / _bMENl _223 |
| 100 | 1 |
_aMendoza Zambrano, Mario, _eautor _913840 |
|
| 245 | 1 | 0 |
_aLady masacre / _cMario Mendoza |
| 260 |
_aBogotá : _bPlaneta, _c2015 |
||
| 300 |
_a251 páginas ; _c22 cm. |
||
| 505 | 3 | _aLas voces de los muertos -- El corazón de las tinieblas -- Lady Masacre | |
| 520 | 3 | _aLa vida de Frank Molina, periodista especializado en judiciales, da un giro inesperado el día en que decide abrir una oficina y empezar a trabajar como detective privado. A sus manos llega el caso de un extraño asesinato y su obsesión por resolverlo lo llevará a descubrir pasajes oscuros, personajes sombríos y redes de corrupción. | |
| 650 | 1 | 4 |
_aNovela colombiana _ySiglo XXI _910010 |
| 942 |
_2ddc _cBK |
||
| 999 |
_c7304 _d7304 |
||